Shakespeare's tragedies : (Record no. 27013)

MARC details
000 -LEADER
fixed length control field 02845cam a22003855a 4500
001 - CONTROL NUMBER
control field 19406828
003 - CONTROL NUMBER IDENTIFIER
control field EG-ScBUE
005 - DATE AND TIME OF LATEST TRANSACTION
control field 20220104132029.0
008 - FIXED-LENGTH DATA ELEMENTS--GENERAL INFORMATION
fixed length control field 161214s2017 enka f b 001 0 eng d
020 ## - INTERNATIONAL STANDARD BOOK NUMBER
International Standard Book Number 9780198785293 (pbk)
020 ## - INTERNATIONAL STANDARD BOOK NUMBER
International Standard Book Number 0198785291 (pbk)
035 ## - SYSTEM CONTROL NUMBER
System control number (OCoLC)ocn956748410
040 ## - CATALOGING SOURCE
Original cataloging agency YDX
Language of cataloging eng
Description conventions rda
Transcribing agency YDX
Modifying agency OCLCQ
-- BTCTA
-- BDX
-- QGK
-- YDX
-- OCLCO
-- NZAUC
-- OCLCF
-- VP@
-- GUA
-- A7U
-- OCLCO
-- EEM
-- DLC
-- EG-ScBUE
082 04 - DEWEY DECIMAL CLASSIFICATION NUMBER
Classification number 822.33
Item number WEL
Edition number 22
100 1# - MAIN ENTRY--PERSONAL NAME
Personal name Wells, Stanley,
Dates associated with a name 1930-
Relator term author.
9 (RLIN) 39853
245 10 - TITLE STATEMENT
Title Shakespeare's tragedies :
Remainder of title a very short introduction /
Statement of responsibility, etc Stanley Wells.
250 ## - EDITION STATEMENT
Edition statement First edition.
264 #1 - PUBLICATION, DISTRIBUTION, ETC. (IMPRINT)
Place of publication, distribution, etc Oxford :
Name of publisher, distributor, etc Oxford University Press,
Date of publication, distribution, etc 2017.
300 ## - PHYSICAL DESCRIPTION
Extent xii, 138 pages :
Other physical details illustrations ;
Dimensions 18 cm.
336 ## - CONTENT TYPE
Source rdacontent
Content type term text
Content type code txt
337 ## - MEDIA TYPE
Source rdamedia
Media type term unmediated
Media type code n
338 ## - CARRIER TYPE
Source rdacarrier
Carrier type term volume
Carrier type code nc
490 0# - SERIES STATEMENT
Series statement Very short introductions ;
Volume number/sequential designation 522
504 ## - BIBLIOGRAPHY, ETC. NOTE
Bibliography, etc Includes bibliographical references and index.
505 0# - FORMATTED CONTENTS NOTE
Formatted contents note Tragedies on the stages of Shakespeare's time -- Titus Andronicus -- Romeo and Juliet -- Julius Caesar -- Hamlet -- Othello -- Macbeth -- King Lear -- Timon of Athens -- Antony and Cleopatra -- Coriolanus.
520 ## - SUMMARY, ETC.
Summary, etc Tragedy, including grief, pain, and suffering, is a common theme in Shakespeare's plays, often leading to the death of at least one character, if not several. Yet such themes can also be found in Shakespearian plays which are classed as comedies, or histories. What is it which makes a Shakespearian tragedy, and what dramatic themes and conventions did the bard draw upon when writing them? In this Very Short Introduction Stanley Wells considers what is meant by the word 'tragedy', and discusses nine of Shakespeare's iconic tragic plays. He explores how the early definitions and theoretical discussions of the concept of tragedy in Shakespeare's time would have influenced these plays, along with the literary influence of Seneca. Wells also considers Shakespeare's uses of the word 'tragedy' itself, analysing whether he had any overall concept of the genre in relation to the drama, and looking at the ways in which the theatrical conventions of his time shaped his plays, such as the use of boy players in women's roles and the physical structures of the playhouses. Offering a critical analysis of each of the nine plays in turn, Wells concludes by discussing why tragedy is regarded as fit subject for entertainment, and what it is about tragic plays that audiences find so enjoyable.
600 17 - SUBJECT ADDED ENTRY--PERSONAL NAME
Personal name Shakespeare, William,
Dates associated with a name 1564-1616
General subdivision Tragedies.
Source of heading or term BUEsh
9 (RLIN) 30507
600 17 - SUBJECT ADDED ENTRY--PERSONAL NAME
Personal name Shakespeare, William,
Dates associated with a name 1564-1616.
Source of heading or term BUEsh
9 (RLIN) 30760
650 #7 - SUBJECT ADDED ENTRY--TOPICAL TERM
Topical term or geographic name as entry element Tragedy.
Source of heading or term BUEsh
9 (RLIN) 30508
650 #7 - SUBJECT ADDED ENTRY--TOPICAL TERM
Topical term or geographic name as entry element Criticism and interpretation.
Source of heading or term BUEsh
651 ## - SUBJECT ADDED ENTRY--GEOGRAPHIC NAME
Source of heading or term BUEsh
653 ## - INDEX TERM--UNCONTROLLED
Resource For college Humanities: English
Arrived date list November2018
655 ## - INDEX TERM--GENRE/FORM
Form subdivision Reading book
9 (RLIN) 34232
942 ## - ADDED ENTRY ELEMENTS (KOHA)
Source of classification or shelving scheme Dewey Decimal Classification
Koha item type Book - Borrowing
Holdings
Withdrawn status Lost status Source of classification or shelving scheme Damaged status Not for loan Collection code Home library Current library Shelving location Date acquired Source of acquisition Cost, normal purchase price Total Checkouts Full call number Barcode Date last seen Koha item type
    Dewey Decimal Classification     Baccah Central Library Central Library Second Floor 18/11/2018 Purchase 150.00   822.33 WEL 000043986 15/07/2025 Book - Borrowing